书目信息 |
| 题名: |
店
|
|
| 作者: | ;贝思出版有限公司 汇编 | |
| 分册: | ||
| 出版信息: | 武汉 华中科技大学出版社 2008.01 |
|
| 页数: | 223页 | |
| 开本: | 29cm | |
| 丛书名: | 空间 | |
| 单 册: | ||
| 中图分类: | TU247.2 | |
| 科图分类: | ||
| 主题词: | 商店--shang dian--室内设计 | |
| 电子资源: | ||
| ISBN: | 978-7-5609-4342-8 | |
| 000 | 01012nam 2200265 450 | |
| 001 | 012008802793 | |
| 005 | 20081008104709.48 | |
| 010 | @a978-7-5609-4342-8@b精装@dCNY226.00 | |
| 092 | @bRL | |
| 100 | @a20080418d2008 em y0chiy0120 ea | |
| 101 | 0 | @achi |
| 102 | @aCN@b420000 | |
| 105 | @aa z 000yy | |
| 200 | 1 | @a店@Adian@f贝思出版有限公司汇编@Fbei si chu ban you xian gong si hui bian |
| 210 | @a武汉@c华中科技大学出版社@d2008.01 | |
| 215 | @a223页@c图@d29cm | |
| 225 | 2 | @a空间@Akong jian |
| 330 | @a全书网罗了二十几个世界各地最新,最有代表性的名店设计,内容涵概了服饰、食品、医药、文化、美容、建材等各种行业,所有项目皆由国际知名设计公司精心打造,是店铺设计的潮流和前端代表。非常具有实用性和学习研究价值,是设计师和项目甲方的不可不看的设计作品。 | |
| 410 | 0 | @12001 @a空间 |
| 606 | 0 | @a商店@Ashang dian@x室内设计 |
| 690 | @aTU247.2@v4 | |
| 711 | 02 | @a贝思出版有限公司@Abei si chu ban you xian gong si@4汇编 |
| 801 | 0 | @aCN@c20081008 |
| 905 | @dTU247.2@eB690 | |
| 906 | @cRL@dCNY226.00@n3@r1 | |
| 店/贝思出版有限公司汇编.-武汉:华中科技大学出版社,2008.01 |
| 223页:图;29cm.-(空间) |
| ISBN 978-7-5609-4342-8(精装):CNY226.00 |
| 全书网罗了二十几个世界各地最新,最有代表性的名店设计,内容涵概了服饰、食品、医药、文化、美容、建材等各种行业,所有项目皆由国际知名设计公司精心打造,是店铺设计的潮流和前端代表。非常具有实用性和学习研究价值,是设计师和项目甲方的不可不看的设计作品。 |
| ● |
| 相关链接 |
|
|
|
正题名:店
索取号:TU247.2/B690
 
预约/预借
| 序号 | 登录号 | 条形码 | 馆藏地/架位号 | 状态 | 备注 |
| 1 | 841034 | 208410343 | 建筑库101/101建筑库 107排3列3层/ [索取号:TU247.2/B690] | 在馆 |